FATHER PRO /

Furkejuvvon:
Bibliográfalaš dieđut
Váldodahkki: Dragón, Antonio (autor)
Materiálatiipa: Girji
Fáttát:
Fáddágilkorat: Lasit fáddágilkoriid
Eai fáddágilkorat, Lasit vuosttaš fáddágilkora!

MARC

LEADER 00000nam^a2200000^a^4500
001 000257781
005 20250526000000.0
009 20260310110304.114
035 |a C05384 
037 |a Acervo Xavier Clavigero 
082 |a 255. 53092  |b DRA 
100 |a Dragón, Antonio  |e (autor) 
245 1 0 |a FATHER PRO /  |c ANTONIO DRAGON, S.J.; TR. MARY AGNES CHEVALIER 
264 |a México :  |b Buena Prensa,  |c 1959 
300 |a 160 p. 
336 |a texto  |b txt  |2 rdacontenido 
337 |a sin mediación  |b n  |2 rdamedio 
338 |a volumen  |b nc  |2 rdasoporte 
649 |a XX 
650 |a Pro Juárez, Miguel Agustín 
650 |a Mártires 
650 |a * Jesuitas 
650 |a Guerra Cristera 
910 |a Fondo Jesús Gómez Fregoso S.J. FXC 
920 |a Impresos - Libros 
930 |a Libros Antiguos y Raros 
940 |a Guerra Cristera 
905 |a 110 
901 |a 005384  |b IT2  |c LRA  |i C05384  |u 20250526 
901 |a 005385  |b IT2  |c LRA  |i C05385  |u 20250526 
901 |a 005386  |b IT2  |c LRA  |i C05386  |u 20250526 
901 |a 005387  |b IT2  |c LRA  |i C05387  |u 20250526 
901 |a 026326  |b IT2  |c LRA  |i C26326  |u 20250526 
901 |a 026342  |b IT2  |c LRA  |i C26342  |u 20250526 
901 |a 036607  |b IT2  |c LRA  |i C36607  |u 20250526 
901 |a 037362  |b IT2  |c LRA  |i C37362  |u 20250526 
901 |a 000870  |b IT2  |c LRA  |i C00870  |u 20250526 
902 |a https://opac.biblio.iteso.mx/vufind/Record/000257781